| 000 | 00598nam a2200181 i 4500 | ||
|---|---|---|---|
| 001 | 23833 | ||
| 003 | ES-MaACL | ||
| 005 | 20240522063031.0 | ||
| 007 | t| | ||
| 008 | 021212s1890 sp ||||1| spa d | ||
| 100 | 0 |
_aDe Amicis, Edmondo, _d1846-1908 _943032 |
|
| 245 | 1 | 0 |
_aInfortunios y amor _b: (la novela de un maestro) / _cEdmondo De Amicis ; versión castellana de Antonio Sánchez Pérez. |
| 260 |
_aMadrid : _bEnrique Rubiñol, _c1890. |
||
| 300 |
_a354 p. ; _c19 cm. |
||
| 700 | 1 |
_aSánchez Pérez, Antonio. _9102840 |
|
| 852 |
_aES-MaACL _jF-9806 |
||
| 999 |
_c23833 _d23833 |
||